MDQL
is popping MORE tags! Check the
thread
!
Quizzes
Events
Quiz Creation
Community
Videos
Private Events
Remove Ads
Sign In
Join for FREE
Feedback
Dark Mode
Quiz Categories
Sports
Geography
Music
Movies
Television
Just For Fun
Miscellaneous
History
Literature
Language
Science
Gaming
Entertainment
Religion
Holiday
For Kids
Quiz Lab
Recent
Popular Today
Quiz Kudos Today
Editor Picks
Curator Picks
Quizzes by...
Day
Popularity
Type
Ratings
Length
Year
Community
Subscriptions
Recent Discussions
Orange Saloon
Badges
Playlists
Quests
Create
Leaderboards
Showdown
Live 5
Trivia Bingo
Activity
Puzzle Library
Sporcle Events
Private Events
Virtual Trivia
Globe League
Become a Host
Pub Owners
SporcleCon
Opinionation
Our Games
Videos
Blog
Mobile Apps
Partnerships
Remove Ads and Go Orange
Feedback
Entertainment
Celebrity
Famous
Musical
Broadway
Show
Quote
Comic Books
Anime
Superhero
DC Comics
Marvel
Cartoons
Animation
Entertainment
Celebrity
Famous
Musical
Broadway
Show
Quote
Comic Books
Anime
Superhero
DC Comics
Marvel
Cartoons
Animation
Random Quiz
Search Sporcle
×
Quiz Lab
Quiz Lab
Entertainment
Famous
Type in answers that appear in a list
Type in answers that appear in a list
Classic
Best Score? Go Orange.
Famous Entrepreneurs Stats
Can you name the famous entrepreneurs from their successes?
By
LightningThief17
10m
22 Questions
382 Plays
382 Plays
382 Plays
Comments
Comments
Give Quiz Kudos
Give Quiz Kudos
-
- Ratings
hide this ad
Replay
Link that replays current quiz
Next Quiz
Link to next quiz in quiz playlist
You Got
0%
They Got
Avg Score
30%
Avg Friend Score
Upgrade to see
Score Distribution
Jump to the score distribution portion of the page
Score
0/22
Timer
10:00
0
Plays Today
Success
Entrepreneur
% Correct
Microsoft
Bill Gates
84.8%
Trump Enterprises
Donald Trump
72.5%
Walmart
Sam Walton
62.8%
Harpo Inc.
Oprah Winfrey
52.1%
Apple Computers
Steve Wozniak
49.5%
Dell Computer
Michael Dell
38.5%
Amazon.com
Jeff Bezos
35.3%
Dreamworks
Steven Spielberg
31.7%
Def Jam Records /
Phat Farm Clothing
Russell Simmons
30.6%
Google
Larry Page and Sergey Brin
23.3%
Standard Oil Company
John Davison Rockefeller
20.7%
Success
Entrepreneur
% Correct
Tae Bo
Billy Blanks
18.8%
Hallmark Greeting Cards
Joyce Hall
18.1%
Monopoly
Parker Brothers
17.8%
Chuck E. Cheese
Nolan Bushnell
17.3%
Starbucks
Howard Schultz
17%
IKEA
Ingvar Kamprad
16%
Little Caesars Pizza
Mike Ilitch
14.7%
Blockbuster
Wayne Huizenga
13.6%
Yahoo
Jerry Yang and David Filo
12.8%
Kinko’s
Paul Orfaleo
9.7%
AT&T
Fernando Hernandez
8.4%
Quiz Playlist
Details
Report
Send in Message
Add To Playlist
Classic:
Type in answers that appear in a list
Last Updated: Feb 16, 2017
Quiz Scoreboard
CHALLENGE
Sign Up to Join the Scoreboard
Show All
Scores
Hide
Comments
May contain spoilers
Recently Published
1-10 Letter E Words III
by El_Dandy
Language
2m
Street Fighter Characters
by Artimus82
Gaming
60s
College Basketball Coaching Resumes
by pancakes188
Sports
9m
More to Explore
Quiz From the Vault
Featured Blog Post
Where Did the Easter Bunny Come From?
hide this ad
You Might Also Like...
Tags
Famous Quiz
entrepreneur
success
Today's Top Quizzes in Entertainment
Browse Entertainment
hide this ad
Today's Top Quizzes in Famous
Browse Famous
Top Contributed Quizzes in Entertainment
1
7-to-1: DC Comics Villains
2
Marvel Characters Bunker
3
Dragon Ball Z: Goku's Fights in Order
4
Eurovision 2023 Logic Puzzle
5
Sorting Pictures: Villains
6
Criteria Quickie: Cartoon Taxonomy II
7
7-to-1: One Piece
8
Mini Trivia Sudoku: Musicals
9
One Piece Characters Order of Appearance
10
Click the Cartoon Scott
Explore More
Trending Topics
NBA
Crossword
Anime
Disney
Marvel
Kpop
Harry Potter
NFL
WWE
Puzzle
Song
Soccer
Country
The Office
Pokémon
hide this ad
More By:
LightningThief17
Quiz
Plays
Rating
Category
Featured
Created
Breaking Benjamin Hit Singles
697
3.00
Music
Dec 3, 2009
Famous Entrepreneurs
382
1.00
Entertainment
Apr 15, 2010
Nick Swardson Movies
124
4.00
Movies
May 6, 2010
Go to Creator's Profile
Score Distribution
Quiz Creator Spotlight
LightningThief17
Follow
Send a Message
Quizzes Created
-
Created Quiz Play Count
-
More By This Creator
Popular Quizzes Today
1
Find the US States - No Outlines Minefield
2
Find the Countries of Europe - No Outlines Minefield
3
Find the US States
4
The Countries of the World
5
Risky Map Clicking: Biggest States A-Z
6
US States
7
Popular People in 1961
8
Movies - When Are They Set?
More Entertainment Quizzes
Superhero Shoes
Published
Trending Quizzes
Risky Map Clicking: Least Populous States A-Z
1-10 Letter G Words
1-10 Letter F Words
Countries of the World: 200 Million BC
Risky Map Clicking: Next State Alphabetically
Recently Updated
Rides in Walt Disney World
pecheneg
Most Oscar Losses (Acting)
pecheneg
Beyoncé Albums
pecheneg
Leaping Animals
pecheneg
Reality TV Shows (A-Z)
bhenderson79
Rickey Henderson's Hall of Fame Teammates
pecheneg
Champions League XIs: Arsenal
pecheneg
Quick Pick: Celebrities in WWE's Hall of Fame
aduchscher
A-Z Keypad Blitz II
pecheneg
Trending Topics
NBA
Harry Potter
Kpop
Disney
Marvel
Crossword
Anime
The Office
Soccer
Song
WWE
NFL
Puzzle
Pokémon
Country
Your Account Isn't Verified!
In order to create a playlist on Sporcle, you need to verify the email address you used during registration. Go to your
Sporcle Settings
to finish the process.
Report this User
Report this user for behavior that violates our
Community Guidelines
.
Details:
Send Report
Go to the Sporcle.com Mobile Site →
Comments